书目信息 |
| 题名: |
日本语能力考试1~4级关键词语强化
|
|
| 作者: | 闵治平 编著 | |
| 分册: | ||
| 出版信息: | 上海 上海交通大学出版社 2003 |
|
| 页数: | 154页 | |
| 开本: | 26cm | |
| 丛书名: | ||
| 单 册: | ||
| 中图分类: | H363.1 | |
| 科图分类: | ||
| 主题词: | 日语--词汇--水平考试--自学参考资料 , 日语 , 词汇 | |
| 电子资源: | ||
| ISBN: | 7-313-03337-0 | |
| 000 | 00812nam0 2200241 450 | |
| 001 | 002361659 | |
| 005 | 20061109141717.42 | |
| 010 | @a7-313-03337-0@dCNY15.00 | |
| 100 | @a20030521d2003 em y0chiy50 ea | |
| 101 | 0 | @achi@ajpn |
| 102 | @aCN@b310000 | |
| 105 | @ay z 000yy | |
| 200 | 1 | @a日本语能力考试1~4级关键词语强化@9ri ben yu neng li kao shi 1~4 ji guan jian ci yu qiang hua@f闵治平编著 |
| 210 | @a上海@c上海交通大学出版社@d2003 | |
| 215 | @a154页@d26cm | |
| 330 | @a本书精选出日语能力考试中的关键词语。归纳了历年考题中词的特殊用法和习惯搭配。同时,配有内容丰富的各类练习题。 | |
| 606 | 0 | @a日语@x词汇@x水平考试@j自学参考资料 |
| 606 | 0 | @a日语 |
| 606 | 0 | @a词汇 |
| 690 | @aH363.1@v4 | |
| 701 | 0 | @a闵治平@9min zhi ping@c(日语)@4编著 |
| 801 | 0 | @aCN@bNLC@c20061109 |
| 905 | @a10447@dH363.1@e374 | |
| 日本语能力考试1~4级关键词语强化/闵治平编著.-上海:上海交通大学出版社,2003 |
| 154页;26cm |
| ISBN 7-313-03337-0:CNY15.00 |
| 本书精选出日语能力考试中的关键词语。归纳了历年考题中词的特殊用法和习惯搭配。同时,配有内容丰富的各类练习题。 |
| ● |
| 相关链接 |
|
|
|
|
正题名:日本语能力考试1~4级关键词语强化
索取号:H363.1/374
 
预约/预借
| 序号 | 登录号 | 条形码 | 馆藏地/架位号 | 状态 | 备注 |
| 1 | 0385929 | 203859299 | 第二样本阅览室/ [索取号:H363.1/374] | 在馆 | |
| 2 | 0385930 | 203859306 | 第四借阅区/ [索取号:H363.1/374] | 在馆 | |
| 3 | 0385931 | 203859315 | 第四借阅区/ [索取号:H363.1/374] | 在馆 | |
| 4 | 0385932 | 203859324 | 第四借阅区/ [索取号:H363.1/374] | 在馆 | |
| 5 | 0385933 | 203859333 | 第四借阅区/ [索取号:H363.1/374] | 在馆 |